000 00502nam a22001697a 4500
005 20250625104855.0
008 250625b |||||||| |||| 00| 0 eng d
020 _a978-93-87919-26-6
041 _aeng
082 _a294.536
_bRAIB
100 _aRai, Shyambala
245 _aBhartiya Kumbh Parva/Shyambala Rai
260 _aNew Delhi:
_bBhartiya Gyanpeeth,
_c2019
300 _a121p.
880 _6245
_aभारतीय कुंभ पर्व/श्यामबाला राय
942 _cBK
999 _c27858
_d27858